Economics of natural resources and the environment

Concern for the environment and depletion of the earth's natural resources is at top of the political agenda in the eraly 1990s, the book provides a thorough grounding in the economics required to understand national, international and global environmental problems. It deals with the orthodox t...

Descripció completa

Guardat en:
Dades bibliogràfiques
Autor principal: Pearce, David W.
Format: Llibre
Idioma:Undetermined
Publicat: Hertfordshire, UK Harvester Wheatsheaf 1990
Matèries:
Etiquetes: Afegir etiqueta
Sense etiquetes, Sigues el primer a etiquetar aquest registre!
Thư viện lưu trữ: Trung tâm Học liệu Trường Đại học Cần Thơ
LEADER 01245nam a2200205Ia 4500
001 CTU_19236
008 210402s9999 xx 000 0 und d
082 |a 333.7 
082 |b P359 
100 |a Pearce, David W. 
245 0 |a Economics of natural resources and the environment 
245 0 |c David W. Pearce, R. Kerry Turner 
260 |a Hertfordshire, UK 
260 |b Harvester Wheatsheaf 
260 |c 1990 
520 |a Concern for the environment and depletion of the earth's natural resources is at top of the political agenda in the eraly 1990s, the book provides a thorough grounding in the economics required to understand national, international and global environmental problems. It deals with the orthodox theories of the economics of polultion and optimal depletion rates fo natural resources. It also provides innovatory chapters on environmental ethics, pollution control policy in 'free' and mixed market economies and in centrally planned countries and the much discussed concept of 'substainable development' 
650 |a Environmental policy,Pollution 
650 |x Economic aspects 
904 |i Minh, Hải (Sửa số pl 304.2/P359 thành 333.7/P359) 
980 |a Trung tâm Học liệu Trường Đại học Cần Thơ